| 000 | 00553nam a2200169 4500 | ||
|---|---|---|---|
| 999 |
_c17236 _d17236 |
||
| 008 | 220831b ||||| |||| 00| 0 eng d | ||
| 020 | _a9781641725163 | ||
| 082 |
_22022 _aDC 629.2872 _bEl57 |
||
| 100 |
_aElliot, Benjamin. _945825 |
||
| 245 |
_aAutomotive mechanic : _badvanced / _cBenjamin Elliot. |
||
| 260 |
_aNew York : _bLarsen & Keller, _c©2022. |
||
| 300 |
_aviii, 233 : _bcolor illustrations ; _c26 cm. |
||
| 500 | _aIncludes index. | ||
| 650 |
_aAutomobiles. _945826 |
||
| 650 |
_aAutomobiles-Maintenance and repair. _931627 |
||
| 942 |
_2ddc _cDC |
||